ბათუმის შოთა რუსთაველის სახელმწიფო უნივერსიტეტის ბიბლიოთეკა

გადაწყვეტილებების მიღების ტექნოლოგია ეკონომიკურ პოლიტიკაში / (ბიბ.ჩანაწერი № 58632)

000 -ლიდერი
ფიქსირებული სიგრძის საკონტროლო ველი 01519nam a22002297a 4500
003 - საკონტროლო ნომრის იდენტიფიკატორი
საკონტროლო ველი Ge_BSU
005 - ბოლო ოპერაციის თარიღი და დრო
საკონტროლო ველი 20220617142947.0
008 - ფიქსირებული სიგრძის მონაცემთა ელემენტები - ზოგადი ინფორმაცია
ფიქსირებული სიგრძის საკონტროლო ველი 220617s2018 ge ||||| |||| 00| 0 geo d
020 ## - წიგნის საერთაშორისო სტანდარტული ნომერი
International Standard Book Number 9789941262647
041 ## - ენის კოდი
Language code of text/sound track or separate title geo
080 ## - უნივერსალური ათობითი კლასიფიკაციის ინდექსი
Universal Decimal Classification number 338.22.021.4 გ-45
100 ## - მთავარი ჩანაწერი - პიროვნების სახელი
Personal name გველესიანი, რევაზ
9 (RLIN) 3195
245 ## - ცნობა სათაურის შესახებ
Title გადაწყვეტილებების მიღების ტექნოლოგია ეკონომიკურ პოლიტიკაში /
Statement of responsibility, etc რევაზ გველესიანი, ირინა გოგორიშვილი ; რედაქტორი ელგუჯა მექვაბიშვილი ; ივანე ჯავახიშვილის სახ. თბილისის სახელმწ. უნ-ტი.
264 ## - წარმოების, გამოცემის, დისტრიბუციის და სხვა ცნობები
გამოცემის, წარმოების, დისტრიბუციის... ადგილი თბილისი :
გამოცემის, წარმოების, დისტრიბუციის... სახელწოდება უნივერსალი,
გამოცემის, წარმოების, დისტრიბუციის... თარიღი 2018.
300 ## - ფიზიკური აღწერა
Extent 234 გვ. ;
Other physical details 25 სმ.
504 ## - BIBLIOGRAPHY, ETC. NOTE
Bibliography, etc ბიბლიოგრ.: გვ. 226-233.
653 ## - INDEX TERM--UNCONTROLLED
Uncontrolled term გადაწყვეტილებების მიღება ეკონომიკურ პოლიტიკაში.
700 ## - ADDED ENTRY--PERSONAL NAME
Personal name გოგორიშვილი, ირინა
Relator term ავტორი
9 (RLIN) 850
700 ## - ADDED ENTRY--PERSONAL NAME
Personal name მექვაბიშვილი, ელგუჯა
Relator term რედაქტორი
9 (RLIN) 14147
710 ## - ADDED ENTRY--CORPORATE NAME
Corporate name or jurisdiction name as entry element ივანე ჯავახიშვილის სახ. თბილისის სახელმწ. უნ-ტი.
9 (RLIN) 14148
942 ## - ADDED ENTRY ELEMENTS (KOHA)
Source of classification or shelving scheme
Koha item type წიგნი
ეგზემპლარები
ჩამოწერის სტატუსი დაკარგული ეგზემპლარის სტატუსი კლასიფიკაციის წყარო ან თაროზე გაწყობის სქემა დაზიანების სტატუსი არ გაიცემა მუდმივი მდებარეობა (დაცვის ადგილი) ამჟამინდელი ადგილსამყოფელი თაროზე განთავსების ადგილი შეძენის თარიღი ღირებულება, შესყიდვის ნორმალური ფასი სრული შენახვის შიფრი შტრიხკოდი ბოლო ოპერაციის თარიღი ეგზემპლარის მიმდევრობითი ნომერი (კეტერი?) ფასის ძალაში შესვლის თარიღი ეგზემპლარის სახეობა საჯარო შენიშვნა
          ბათუმის შოთა რუსთაველის სახელმწიფო უნივერსიტეტის მთავარი ბიბლიოთეკა ბათუმის შოთა რუსთაველის სახელმწიფო უნივერსიტეტის მთავარი ბიბლიოთეკა წიგნსაცავი 2022-06-17 64.00 338.22.021.4 გ-45 62715 2022-06-17 62715 2022-06-17 წიგნი 64 ლ.
          ბათუმის შოთა რუსთაველის სახელმწიფო უნივერსიტეტის მთავარი ბიბლიოთეკა ბათუმის შოთა რუსთაველის სახელმწიფო უნივერსიტეტის მთავარი ბიბლიოთეკა წიგნსაცავი 2022-06-17 64.00 338.22.021.4 გ-45 62716 2022-06-17 62716 2022-06-17 წიგნი 64 ლ.
          ბათუმის შოთა რუსთაველის სახელმწიფო უნივერსიტეტის მთავარი ბიბლიოთეკა ბათუმის შოთა რუსთაველის სახელმწიფო უნივერსიტეტის მთავარი ბიბლიოთეკა წიგნსაცავი 2022-06-17 64.00 338.22.021.4 გ-45 62717 2022-06-17 62717 2022-06-17 წიგნი 64 ლ.
          ბათუმის შოთა რუსთაველის სახელმწიფო უნივერსიტეტის მთავარი ბიბლიოთეკა ბათუმის შოთა რუსთაველის სახელმწიფო უნივერსიტეტის მთავარი ბიბლიოთეკა წიგნსაცავი 2022-06-17 64.00 338.22.021.4 გ-45 62718 2022-06-17 62718 2022-06-17 წიგნი 64 ლ.
          ბათუმის შოთა რუსთაველის სახელმწიფო უნივერსიტეტის მთავარი ბიბლიოთეკა ბათუმის შოთა რუსთაველის სახელმწიფო უნივერსიტეტის მთავარი ბიბლიოთეკა წიგნსაცავი 2022-06-17 64.00 338.22.021.4 გ-45 62719 2022-06-17 62719 2022-06-17 წიგნი 64 ლ.